| 000 | 00901nam a22002417a 4500 | ||
|---|---|---|---|
| 001 | 0000003938 | ||
| 003 | PPM | ||
| 005 | 20260421150654.0 | ||
| 008 | 260421b ||||| |||| 00| 0 eng d | ||
| 020 |
_a9636292764 _qHardback |
||
| 035 | _a0000003938 | ||
| 040 |
_bMalay _cPusat Penyelidikan Mineral, Jabatan Mineral Dan Geosains Malaysia _dPPM _eRDA |
||
| 082 | 0 | 0 |
_222 _a346.5950 _bWAN 2006 |
| 100 | 1 |
_aWan Abdul Halim Wan Harun _eauthor |
|
| 245 | 1 | 0 |
_aPengurusan Dan Pembahagian Harta Pusaka / _coleh Wan Abdul Halim Wan Harun |
| 250 | _a1st.ed | ||
| 260 | 1 |
_aKuala Lumpur : _bDewan Bahasa dan Pustaka, _c2006 |
|
| 300 | 0 | 0 |
_axviii, 531 pages .: _billustrations .; _c22 cm |
| 500 | _aMengandungi ayat-ayat dari Quran | ||
| 504 | _aMengandungi rujukan bibliografi (p.: 525 - 527) dan indeks (p.: 529 - 531 ) | ||
| 650 | 1 | 0 |
_aInheritance and succession (Islamic law) _zMalaysia |
| 942 |
_2ddc _cBK |
||
| 999 |
_c27210 _d27210 |
||